| 000 | 00936nam a22002657a 4500 | ||
|---|---|---|---|
| 003 | |||
| 005 | 20241018105109.0 | ||
| 008 | 210915b 2024 dr | 00| 0 spa d | ||
| 020 | _a9789945801958 | ||
| 040 |
_aBPMSU _bSpa. _cBPMSU |
||
| 082 | 4 |
_aRD863.5 _bF475a 2024 _222 |
|
| 100 | 1 |
_a Figueroa, Dania Victoria _d |
|
| 245 | 1 | 0 |
_aLas aventuras del lápiz viajero : _bel reino de Dulci Landia en peligro / _c Dania Victoria Figueroa |
| 246 | 1 | 3 | _5Las aventuras del lápiz viajero |
| 260 |
_aSanto Domingo : _b[Sin Editorial], _c2024 |
||
| 300 |
_a22 p. ; _c21 cm. |
||
| 500 | _aIncluye datos biográficos del autor en la solapa de la cubierta | ||
| 500 | _aUna filosofía de vida | ||
| 590 |
_aInventariado, 2024/VM _6 |
||
| 650 | 4 | _aCuentos infantiles dominicanos | |
| 650 | 4 |
_aFelicidad _vCuentos infantiles _2 |
|
| 650 | 4 | _aLiteratura infantil dominicana | |
| 910 | _aVMateo V. Control de calidad BPMSU | ||
| 942 |
_2ddc _cBK |
||
| 999 |
_c14834 _d14834 |
||